| 000 | 00630nam a2200217Ia 4500 | ||
|---|---|---|---|
| 003 | GCL | ||
| 008 | 140319s9999 xx 000 0 ara d | ||
| 040 |
_aGCL / _cGCL |
||
| 082 | 0 | 4 |
_a320.9 _bح ى |
| 100 | 1 | _aحسنى ابواليزيد | |
| 245 | 1 | 0 |
_aياسليمان السلام / _cحسنى ابواليزيد |
| 260 |
_a[S.N] : _bالدار المصرية ، _c1986 |
||
| 300 | _a334 ص | ||
| 490 | _a | ||
| 650 | 0 | 4 | _aمصر |
| 650 | 0 | 4 | _aالنزاع العربى الاسرائيلى |
| 650 | 0 | 4 | _aالمحاكم العسكرية |
| 650 | 0 | 4 | _aالجنود |
| 650 | 0 | 4 | _aسليمان خاطر |
| 942 |
_2ddc _cBK |
||
| 999 |
_c28075 _d28075 |
||